000 00347nam a2200121Ia 4500
008 150202s9999 xx 000 0 und d
050 _aFIC
_bFIC
100 _aChrisholm, Matt.
245 _aBlade :
_bthe Nevada mustang /
_cMatt Chrisholm.
260 _aLondon :
_bHamlyn Paperbacks,
_c1980.
300 _a151 pages :
_c17 cm.
650 _aFiction.
999 _c281924
_d281924